01988nam a2200409 i 4500001001000000003000900010005001700019007000300036008004100039020001500080040003000095082002400125100004200149245011300191246003500304260002200339264003800361300002700399336002800426337003400454338002900488490003300517500006400550546003500614590002700649650002800676650003100704700005300735910003700788942001400825952014800839952014800987952014801135952013601283952014201419999001701561000014720DO-SdBNP20260305073958.0ta100119s1996 dr 001 p spa d a2738447554 aDO-SdBNPbspacBNPHUerda 4aRD861.44bG377d2221 aGerón, Candido,d1948-eautor9357710aDespués de la hoguera = Passé les flammes du brasier /cCándido Gerón ; traducción Claude Couffon.13aPassé les flammes du brasier aMontreal :c1996. aMontreal :bL' Harmattan, c1996. a77 páginas ;c22 cm. 2rdacontent atextobtxt 2rdamediaasin mediación bn 2rdacarrier avolumenbnc0 aPoétes des cinq continents aIncluye datos biográficos del autor en la contracubierta. aTexto en español y francés aInventariado, 2023 /LP 4aPoesía dominicana966 0aLiteratura dominicana.9671 aCouffon, Claude,etr.aductor, eprológo926662 aValidado. Control de calidad MFF 2ddccLBS1 00102ddc56708DSaBNPHUbBNPHUcHDd2010-01-19l0oBNPHU DS RD861.44 G377dp14720-30r2020-06-25te. 3w2020-06-25yLBS1ZPréstamo en sala 00102ddc56708DSaBNPHUbBNPHUcHDd2010-01-19l0oBNPHU DS RD861.44 G377dp14720-40r2020-06-25te. 4w2020-06-25yLBS1ZPréstamo en sala 00102ddc56708DSaBNPHUbBNPHUcHDd2010-01-19l0oBNPHU DS RD861.44 G377dp14720-50r2020-06-25te. 5w2020-06-25yLBS1ZPréstamo en sala 00102ddc51708PDaBNPHUbBNPHUcHDd2010-01-19l0oBNPHU PD RD861.44 G377dp14720-10r2020-06-25w2020-06-25yLBS1ZNo se presta 00102ddc51708PDaBNPHUbBNPHUcHDd2010-01-19l0oBNPHU PD RD861.44 G377dp14720-20r2020-06-25te. 2w2020-06-25yLBS1ZNo se presta c14303d14303